[Event "IECC CL5-2007.18 email"]
[Site "IECC email"]
[Date "2007.12.03"]
[Round "?"]
[White "Brown, Tony R"]
[Black "Oppedal, Jim"]
[Result "0-1"]
[WhiteElo "1375"]
[BlackElo "1611"]
[PlyCount "37"]
[EventDate "2007.??.??"]
[EventType "tourn (corr)"]
[EventRounds "4"]
[SourceTitle "Corr 2015"]
[Source "ChessBase"]
[SourceDate "2015.07.17"]
[SourceVersion "1"]
[SourceVersionDate "2015.07.17"]
[SourceQuality "1"]
[WhiteTeam "US of America"]
[BlackTeam "US of America"]
[WhiteTeamCountry "USA"]
[BlackTeamCountry "USA"]

1. e4 c5 2. Nc3 Nc6 3. f4 g6 4. Nf3 Bg7 5. g3 d6 6. Bg2 e6 7. 0-0 Nge7 8. d3 0-0 9. Ne2 Bd7 10. c3 b5 11. g4 Rb8 12. Ng3 f5 13. g5 b4 14. Bd2 bxc3 15. bxc3 Rb2 16. Bc1 Rb6 17. Bd2 Qc7 18. h4 Rfb8 19. h5 0-1